Catalog

Record Details

Catalog Search



Record details

  • ISBN: 9781421511726 (v.1)
  • ISBN: 142151172X (v.1)
  • Physical Description: v. : chiefly ill. ; 19 cm.
  • Publisher: San Francisco, Calif. : Viz Media, 2007-

Content descriptions

Summary, etc.:
Drawn into the exciting world of kabuki theater, ... Read More
Subject: Graphic novels > Japan.
Kabuki > Comic books, strips, etc.
Teenage girls > Comic books, strips, etc.
Genre: Love stories.
LDR 01417cam a2200313Ia 4500
00190866
003LARL_NWRL_CONSORTIUM
00520080505101153.0
008070223m20079999caua 000 c eng d
020 . ‡a9781421511726 (v.1)
020 . ‡a142151172X (v.1)
035 . ‡a(OCoLC)84918634
1001 . ‡aSakurakōji, Kanoko. ‡0(LARL_NWRL_CONSORTIUM)213639
24510. ‡aBackstage prince ‡n#1 / ‡cKanoko Sakurakoji.
260 . ‡aSan Francisco, Calif. : ‡bViz Media, ‡c2007-
300 . ‡av. : ‡bchiefly ill. ; ‡c19 cm.
4900 . ‡aBackstage prince ; ‡v1
520 . ‡aDrawn into the exciting world of kabuki theater, young Akari spends her time after school assisting an internationally famous actor. Akari is totally clueless about kabuki--and boys--but she's eager to learn about both.
650 0. ‡aGraphic novels ‡zJapan.
650 0. ‡aKabuki ‡vComic books, strips, etc.
650 0. ‡aTeenage girls ‡vComic books, strips, etc.
655 7. ‡aLove stories. ‡2gsafd
901 . ‡a90866 ‡bOCLC ‡c90866 ‡tbiblio

Additional Resources